00409nam a2200145 i 450000100060000000300090000600500170001500700030003200800410003510000250007624500740010126000450017530000200022085200230024094767ES-MaACL20230906181542.0t|050516s1917 xxk ||||1| eng d1 aLowell, A. Lawrence.10aGovernments and Parties in Continental Europe / cA. Lawrence Lowell. aLondon : bLogmaus Green and Co, c1917. a2 v. ; c22 cm. aES-MaACLjD-4106-7